[Event "Wch Rapid"]
[Site "Moscow RUS"]
[Date "2019.12.26"]
[Round "2.7"]
[White "Hansen, Eric"]
[Black "Dubov, Daniil"]
[Result "1/2-1/2"]
[WhiteElo "2606"]
[BlackElo "2690"]
[PlyCount "26"]
[GameId "2130307599833541"]
[EventDate "2019.12.26"]
[EventType "swiss (rapid)"]
[EventRounds "15"]
[EventCountry "RUS"]
[SourceTitle "10 Days #601"]
[Source "ChessMix"]
[SourceDate "2020.01.01"]
[SourceVersion "1"]
[SourceVersionDate "2020.01.01"]
[SourceQuality "1"]

1. e4 c5 2. Nf3 Nc6 3. Bb5 g6 4. Bxc6 bxc6 5. O-O Bg7 6. c3 Nf6 7. Re1 O-O 8. h3 d6 9. d4 cxd4 10. cxd4 c5 11. dxc5 dxc5 12. Qc2 Ba6 13. Rd1 Qc7 1/2-1/2

[Event "Wch Rapid"]
[Site "Moscow RUS"]
[Date "2019.12.26"]
[Round "3.25"]
[White "Petrosian, Tigran L"]
[Black "Hansen, Eric"]
[Result "1/2-1/2"]
[WhiteElo "2601"]
[BlackElo "2606"]
[PlyCount "112"]
[GameId "2130307599837755"]
[EventDate "2019.12.26"]
[EventType "swiss (rapid)"]
[EventRounds "15"]
[EventCountry "RUS"]
[SourceTitle "10 Days #601"]
[Source "ChessMix"]
[SourceDate "2020.01.01"]
[SourceVersion "1"]
[SourceVersionDate "2020.01.01"]
[SourceQuality "1"]

1. Nf3 d5 2. g3 g6 3. c4 dxc4 4. Na3 Bg7 5. Nxc4 Nc6 6. d3 e5 7. Bd2 Nge7 8. Bg2 Be6 9. Rc1 O-O 10. O-O a5 11. b3 h6 12. Bc3 f6 13. Qc2 Nd5 14. Bb2 Qd7 15. Rfd1 g5 16. e4 Ndb4 17. Qb1 Nd4 18. Nxd4 exd4 19. Ba3 Qb5 20. Qb2 Rad8 21. Qd2 b6 22. f4 h5 23. Rf1 g4 24. f5 Bf7 25. e5 Bxc4 26. exf6 Rxf6 27. bxc4 Qa4 28. Bxb4 Bh6 29. Qe2 Be3+ 30. Kh1 axb4 31. Rb1 Kg7 32. Be4 Re8 33. Qg2 Re5 34. Rb2 c5 35. Rb3 Qe8 36. a3 b5 37. cxb5 Qxb5 38. axb4 cxb4 39. Rfb1 Ra6 40. Qb2 Ra4 41. h3 Kf6 42. hxg4 hxg4 43. Qh2 Qe8 44. Rxb4 Rxb4 45. Rxb4 Rc5 46. Rb6+ Ke5 47. Rb1 Qc8 48. Qb2 Qh8+ 49. Qh2 Qc8 50. Rf1 Rc1 51. Bg2 Rxf1+ 52. Bxf1 Qc6+ 53. Qg2 Qh6+ 54. Qh2 Qc6+ 55. Qg2 Qh6+ 56. Qh2 Qc6+ 1/2-1/2

[Event "Wch Rapid"]
[Site "Moscow RUS"]
[Date "2019.12.26"]
[Round "4.21"]
[White "Hansen, Eric"]
[Black "Fedoseev, Vladimir"]
[Result "0-1"]
[WhiteElo "2606"]
[BlackElo "2677"]
[PlyCount "110"]
[GameId "2130307599841948"]
[EventDate "2019.12.26"]
[EventType "swiss (rapid)"]
[EventRounds "15"]
[EventCountry "RUS"]
[SourceTitle "10 Days #601"]
[Source "ChessMix"]
[SourceDate "2020.01.01"]
[SourceVersion "1"]
[SourceVersionDate "2020.01.01"]
[SourceQuality "1"]

1. e4 c6 2. Nc3 d5 3. Nf3 dxe4 4. Nxe4 Nf6 5. d3 g6 6. Be2 Bg7 7. O-O O-O 8. Nxf6+ Bxf6 9. d4 Qb6 10. c3 c5 11. dxc5 Qxc5 12. Bh6 Re8 13. Qb3 Nc6 14. Be3 Qa5 15. Rfd1 Qc7 16. Ng5 Rf8 17. Rd2 h6 18. Ne4 Bg7 19. Rad1 Be6 20. Qa4 b6 21. Ng3 Ne5 22. h3 Nc4 23. Bxc4 Qxc4 24. Qxc4 Bxc4 25. b3 Bb5 26. c4 Bc6 27. Ne2 Rfc8 28. Bd4 e5 29. Bb2 a6 30. f4 exf4 31. Bxg7 Kxg7 32. Nxf4 b5 33. Rc1 Rd8 34. Rf2 Rac8 35. cxb5 Bxb5 36. Rxc8 Rxc8 37. Rd2 Kf6 38. a4 Bc6 39. Nd5+ Ke6 40. Nb6 Rb8 41. a5 Bb5 42. Kf2 Rb7 43. Rc2 Kd6 44. Nc8+ Ke5 45. Ke3 Rd7 46. Rc3 f5 47. Rc5+ Ke6 48. Rc3 g5 49. Nb6 f4+ 50. Kf3 Rd2 51. Nc4 Bc6+ 52. Kg4 Rxg2+ 53. Kh5 Rg3 54. Rxg3 fxg3 55. Ne3 g2 0-1

[Event "Wch Rapid"]
[Site "Moscow RUS"]
[Date "2019.12.26"]
[Round "5.56"]
[White "Drygalov, Sergey"]
[Black "Hansen, Eric"]
[Result "1-0"]
[WhiteElo "2473"]
[BlackElo "2606"]
[PlyCount "127"]
[GameId "2130307599846180"]
[EventDate "2019.12.26"]
[EventType "swiss (rapid)"]
[EventRounds "15"]
[EventCountry "RUS"]
[SourceTitle "10 Days #601"]
[Source "ChessMix"]
[SourceDate "2020.01.01"]
[SourceVersion "1"]
[SourceVersionDate "2020.01.01"]
[SourceQuality "1"]

1. e4 c5 2. Nf3 d6 3. Bb5+ Nd7 4. d4 cxd4 5. Qxd4 a6 6. Bxd7+ Bxd7 7. Nc3 e5 8. Qd3 h6 9. Nd2 Nf6 10. Nc4 Be6 11. O-O Rc8 12. Ne3 Be7 13. Bd2 O-O 14. Rfd1 Qb6 15. Be1 Rfd8 16. a4 Bf8 17. a5 Qc6 18. Ncd5 Bxd5 19. exd5 Qe8 20. c4 g6 21. b4 Bg7 22. Rab1 Nh5 23. b5 e4 24. Qc2 Nf4 25. bxa6 bxa6 26. Rb6 Ra8 27. c5 dxc5 28. Qxc5 Nd3 29. Qc6 Qe5 30. Rxa6 Rac8 31. Qb5 Qh5 32. Rc6 Bd4 33. Rxc8 Rxc8 34. Qd7 Rb8 35. Qg4 Qe5 36. Qg3 Nf4 37. Kh1 h5 38. Nc4 Qf6 39. Bd2 Rc8 40. Qxf4 Rxc4 41. Qxf6 Bxf6 42. Be3 Ra4 43. Bb6 Be5 44. g3 Bd6 45. Rc1 Kf8 46. Rc8+ Ke7 47. Ra8 h4 48. Kg2 g5 49. gxh4 g4 50. h3 g3 51. a6 f5 52. fxg3 Ra2+ 53. Kf1 Bxg3 54. a7 f4 55. Rg8 e3 56. Bxe3 fxe3 57. Rxg3 Kd6 58. Rg7 Kxd5 59. h5 Ke4 60. h6 Ra1+ 61. Kg2 e2 62. Re7+ Kf4 63. h7 Rxa7 64. h8=Q 1-0

[Event "Wch Rapid"]
[Site "Moscow RUS"]
[Date "2019.12.27"]
[Round "6.68"]
[White "Hansen, Eric"]
[Black "Tran Tuan Minh"]
[Result "0-1"]
[WhiteElo "2606"]
[BlackElo "2529"]
[PlyCount "68"]
[GameId "2130307599850389"]
[EventDate "2019.12.26"]
[EventType "swiss (rapid)"]
[EventRounds "15"]
[EventCountry "RUS"]
[SourceTitle "10 Days #601"]
[Source "ChessMix"]
[SourceDate "2020.01.01"]
[SourceVersion "1"]
[SourceVersionDate "2020.01.01"]
[SourceQuality "1"]

1. e4 c5 2. Nf3 d6 3. d4 cxd4 4. Nxd4 Nf6 5. Nc3 a6 6. Be2 e5 7. Nb3 Be7 8. O-O O-O 9. a4 Be6 10. Bf3 Nbd7 11. Re1 Rc8 12. Nd2 Qc7 13. Nf1 Qb8 14. Ne3 Bd8 15. Bd2 Bb6 16. a5 Bd4 17. Na4 Rc6 18. c3 Ba7 19. b4 Rfc8 20. h3 g6 21. Qe2 Qc7 22. Qd3 Qd8 23. Nb2 Kg7 24. Rec1 h6 25. Re1 Qe7 26. Rac1 Nh7 27. Nd5 Qh4 28. Qe2 Ng5 29. Bxg5 hxg5 30. Kf1 g4 31. Bxg4 Bxg4 32. Qd2 Be6 33. Re2 Bxh3 34. Qd3 Bg4 0-1

[Event "Wch Rapid"]
[Site "Moscow RUS"]
[Date "2019.12.27"]
[Round "8.65"]
[White "Hansen, Eric"]
[Black "Can, Emre"]
[Result "0-1"]
[WhiteElo "2606"]
[BlackElo "2600"]
[PlyCount "207"]
[GameId "2130307599866972"]
[EventDate "2019.12.26"]
[EventType "swiss (rapid)"]
[EventRounds "15"]
[EventCountry "RUS"]
[SourceTitle "10 Days #601"]
[Source "ChessMix"]
[SourceDate "2020.01.01"]
[SourceVersion "1"]
[SourceVersionDate "2020.01.01"]
[SourceQuality "1"]

1. e4 d6 2. d4 Nf6 3. Nc3 e5 4. Nf3 Nbd7 5. Bc4 Be7 6. a4 O-O 7. O-O c6 8. Re1 a5 9. h3 Nb6 10. Bb3 exd4 11. Qxd4 Nfd7 12. Bf4 Nc5 13. Qe3 Be6 14. Nd4 Bxb3 15. cxb3 Re8 16. Rad1 Bf8 17. Nf5 d5 18. Qg3 Qf6 19. Nh6+ Kh8 20. Ng4 Qg6 21. Bc7 Nbd7 22. exd5 Nxb3 23. Rxe8 Rxe8 24. Qf3 h5 25. Ne3 Ndc5 26. Nc4 Kg8 27. Ne5 Qf6 28. Qxh5 g6 29. Ng4 Qe7 30. Qe5 Bg7 31. Qg3 Nd4 32. d6 Qd7 33. Qf4 f5 34. Nh6+ Kf8 35. Qh4 Ne4 36. Nxe4 Rxe4 37. Qg5 Qe8 38. Bd8 Re1+ 39. Rxe1 Qxe1+ 40. Kh2 Be5+ 41. f4 Nf3+ 42. gxf3 Qf2+ 43. Qg2 Bxf4+ 44. Kh1 Qe1+ 45. Qg1 Qxg1+ 46. Kxg1 Bxd6 47. Nxf5 gxf5 48. Bxa5 Kf7 49. Kf2 Kg6 50. Ke3 Bc5+ 51. Kd3 Kg5 52. Bd8+ Kf4 53. Ke2 Ke5 54. h4 Bf8 55. Kd3 Kf4 56. Ke2 Ke5 57. h5 Bh6 58. Ba5 Kf6 59. Bd8+ Ke5 60. b3 Kf4 61. Be7 Kg3 62. Bf6 Kg2 63. b4 Kg3 64. a5 f4 65. Be7 Kg2 66. Bc5 Kg3 67. Bf2+ Kg2 68. Be1 Bf8 69. Bf2 Bh6 70. Bd4 Kg3 71. Bf2+ Kg2 72. Be1 Bf8 73. Bh4 Bh6 74. Be7 Kg3 75. Bd8 Kg2 76. Bb6 Kg3 77. Bf2+ Kg2 78. Be1 Bf8 79. Bh4 Bh6 80. Be7 Kg3 81. Bd6 Kg2 82. Be7 Kg3 83. Bf6 Kg2 84. Bd8 Kg3 85. Bc7 Kg2 86. Bd6 Kg3 87. Kd3 Kxf3 88. Kc4 Kg4 89. b5 cxb5+ 90. Kxb5 f3 91. Bc5 Kxh5 92. Kb6 Bd2 93. Kxb7 Bxa5 94. Kc6 Kg4 95. Kd5 Kg3 96. Ke4 Be1 97. Kd3 Kg2 98. Ke4 Bf2 99. Bb4 Bg3 100. Bc5 Bf2 101. Bb4 Bb6 102. Be1 Bc7 103. Bh4 Bg3 104. Kf5 0-1

[Event "Wch Rapid"]
[Site "Moscow RUS"]
[Date "2019.12.27"]
[Round "9.76"]
[White "Afanasiev, Nikita"]
[Black "Hansen, Eric"]
[Result "0-1"]
[WhiteElo "2517"]
[BlackElo "2606"]
[PlyCount "156"]
[GameId "2130307599871181"]
[EventDate "2019.12.26"]
[EventType "swiss (rapid)"]
[EventRounds "15"]
[EventCountry "RUS"]
[SourceTitle "10 Days #601"]
[Source "ChessMix"]
[SourceDate "2020.01.01"]
[SourceVersion "1"]
[SourceVersionDate "2020.01.01"]
[SourceQuality "1"]

1. e4 c5 2. Ne2 Nc6 3. Nbc3 d6 4. d4 cxd4 5. Nxd4 Nf6 6. Bg5 e6 7. Qd3 a6 8. Nxc6 bxc6 9. O-O-O h6 10. Bf4 d5 11. Be2 Be7 12. Qg3 Kf8 13. Bc7 Qd7 14. Be5 Bb7 15. f4 Rc8 16. Rhf1 g6 17. Qh3 Rd8 18. g4 Rh7 19. f5 exf5 20. gxf5 g5 21. Qg3 Qe8 22. exd5 cxd5 23. Kb1 Rc8 24. Bd3 Qd8 25. h4 Rg7 26. Rg1 Rg8 27. hxg5 Rxg5 28. Qh3 Ng8 29. Rgf1 Bf6 30. Bf4 Rxc3 31. bxc3 Qb6+ 32. Kc1 Bxc3 33. Rde1 Bf6 34. Qe3 Qb2+ 35. Kd1 Rg2 36. Bxh6+ Nxh6 37. Qxh6+ Rg7 38. Qh8+ Rg8 39. Re8+ Kxe8 40. Qxg8+ Kd7 41. Qxf7+ Kd6 42. Qe6+ Kc7 43. Ke2 Qd4 44. Qe3 Qg4+ 45. Qf3 Qg7 46. Qf4+ Kd7 47. Rf3 d4 48. Rg3 Qe7+ 49. Kd1 Be5 50. Qg4 Kd6 51. Rh3 Bf6 52. Qe2 Qg7 53. Kc1 Bd5 54. Be4 Qg1+ 55. Kd2 Bg5+ 56. Kd3 Bxe4+ 57. Kxe4 Kc5 58. c3 Qb1+ 59. Kf3 dxc3 60. Kg4 Bf6 61. Qe3+ Kb5 62. Qe8+ Ka5 63. Qe2 Qb4+ 64. Kh5 Qf4 65. Kg6 Qg5+ 66. Kf7 Bd4 67. Qe6 Qg2 68. f6 Qb7+ 69. Kg6 Qg2+ 70. Kh7 Qg5 71. Rh6 c2 72. Qe1+ Ka4 73. a3 a5 74. Qe8+ Kb3 75. Qe6+ Kb2 76. Rh2 Qxf6 77. Qxf6 Bxf6 78. Kg6 Be7 0-1

[Event "Wch Rapid"]
[Site "Moscow RUS"]
[Date "2019.12.27"]
[Round "10.66"]
[White "Hansen, Eric"]
[Black "Christiansen, Johan Sebastian"]
[Result "1/2-1/2"]
[WhiteElo "2606"]
[BlackElo "2597"]
[PlyCount "55"]
[GameId "2130307599871272"]
[EventDate "2019.12.26"]
[EventType "swiss (rapid)"]
[EventRounds "15"]
[EventCountry "RUS"]
[SourceTitle "10 Days #601"]
[Source "ChessMix"]
[SourceDate "2020.01.01"]
[SourceVersion "1"]
[SourceVersionDate "2020.01.01"]
[SourceQuality "1"]

1. e4 e6 2. d4 d5 3. Nc3 Nf6 4. Bg5 Bb4 5. e5 h6 6. Bc1 Ne4 7. Nge2 c5 8. a3 Ba5 9. dxc5 Bxc3+ 10. Nxc3 Nxc3 11. bxc3 Nd7 12. Qg4 Qa5 13. Bd2 Kf8 14. Bd3 Nxe5 15. Qg3 Nxd3+ 16. cxd3 Qxc5 17. c4 Kg8 18. Bb4 Qb6 19. O-O Kh7 20. Qf3 f6 21. cxd5 exd5 22. Qxd5 Qe6 23. Qe4+ Qxe4 24. dxe4 Be6 25. Rac1 Rac8 26. f3 Rxc1 27. Rxc1 Rc8 28. Rxc8 1/2-1/2

[Event "Wch Rapid"]
[Site "Moscow RUS"]
[Date "2019.12.28"]
[Round "11.68"]
[White "Triapishko, Alexandr"]
[Black "Hansen, Eric"]
[Result "0-1"]
[WhiteElo "2502"]
[BlackElo "2606"]
[PlyCount "84"]
[GameId "2130307599879567"]
[EventDate "2019.12.26"]
[EventType "swiss (rapid)"]
[EventRounds "15"]
[EventCountry "RUS"]
[SourceTitle "10 Days #601"]
[Source "ChessMix"]
[SourceDate "2020.01.01"]
[SourceVersion "1"]
[SourceVersionDate "2020.01.01"]
[SourceQuality "1"]

1. e4 e5 2. Nf3 Nc6 3. Bb5 a6 4. Ba4 Nf6 5. O-O Be7 6. d3 d6 7. c3 O-O 8. Nbd2 Re8 9. Re1 Bf8 10. Nf1 h6 11. Ng3 b5 12. Bc2 g6 13. d4 Bg4 14. d5 Na5 15. h3 Bd7 16. a4 c6 17. dxc6 Bxc6 18. Nh2 d5 19. exd5 Qxd5 20. Qxd5 Bxd5 21. Ng4 Nxg4 22. hxg4 b4 23. Ne4 Re6 24. g5 hxg5 25. Bxg5 b3 26. Bd3 Kg7 27. Rad1 f5 28. Nf6 Bc6 29. g4 Rxf6 30. Rxe5 Nb7 31. gxf5 Rd6 32. f6+ Rxf6 33. Bxf6+ Kxf6 34. Rde1 Nc5 35. Bc4 Bxa4 36. R5e3 Bd7 37. Rd1 Bf5 38. Kg2 a5 39. Rh1 a4 40. Rh7 Bg7 41. Bd5 Rd8 42. c4 a3 0-1

[Event "Wch Rapid"]
[Site "Moscow RUS"]
[Date "2019.12.28"]
[Round "12.56"]
[White "Hansen, Eric"]
[Black "Huzman, Alexander"]
[Result "1/2-1/2"]
[WhiteElo "2606"]
[BlackElo "2567"]
[PlyCount "93"]
[GameId "2130307599879657"]
[EventDate "2019.12.26"]
[EventType "swiss (rapid)"]
[EventRounds "15"]
[EventCountry "RUS"]
[SourceTitle "10 Days #601"]
[Source "ChessMix"]
[SourceDate "2020.01.01"]
[SourceVersion "1"]
[SourceVersionDate "2020.01.01"]
[SourceQuality "1"]

1. e4 e6 2. d4 d5 3. Nc3 dxe4 4. Nxe4 Nd7 5. Nf3 Ngf6 6. Bg5 h6 7. Nxf6+ Nxf6 8. Be3 Nd5 9. Bd2 c5 10. c4 Nb6 11. dxc5 Bxc5 12. b4 Be7 13. c5 Nd5 14. Bb5+ Bd7 15. Bxd7+ Qxd7 16. Ne5 Qc7 17. Qa4+ Kf8 18. Nc4 h5 19. O-O h4 20. h3 Rh5 21. Rfe1 b6 22. Nxb6 Nxb6 23. cxb6 Qxb6 24. a3 a6 25. Rac1 Qb5 26. Qc2 Kg8 27. Qc7 Bd8 28. Qc2 Rd5 29. Be3 Bf6 30. Qe4 Rad8 31. Qc2 a5 32. Rb1 axb4 33. Rxb4 Qa6 34. a4 Rc8 35. Qe2 Qxe2 36. Rxe2 Rd1+ 37. Kh2 Ra1 38. Bd4 Bxd4 39. Rxd4 g5 40. Re5 f6 41. Rxe6 Kf7 42. Rdd6 Rcc1 43. Rxf6+ Ke7 44. Rfe6+ Kf7 45. Rf6+ Ke7 46. Rfe6+ Kf7 47. Rf6+ 1/2-1/2

[Event "Wch Rapid"]
[Site "Moscow RUS"]
[Date "2019.12.28"]
[Round "13.54"]
[White "Sakaev, Konstantin"]
[Black "Hansen, Eric"]
[Result "1/2-1/2"]
[WhiteElo "2596"]
[BlackElo "2606"]
[PlyCount "80"]
[GameId "2130307599883853"]
[EventDate "2019.12.26"]
[EventType "swiss (rapid)"]
[EventRounds "15"]
[EventCountry "RUS"]
[SourceTitle "10 Days #601"]
[Source "ChessMix"]
[SourceDate "2020.01.01"]
[SourceVersion "1"]
[SourceVersionDate "2020.01.01"]
[SourceQuality "1"]

1. d4 Nf6 2. c4 g6 3. Nc3 d5 4. cxd5 Nxd5 5. e4 Nxc3 6. bxc3 Bg7 7. Nf3 c5 8. h3 O-O 9. Be2 b6 10. Be3 Bb7 11. Qd3 e6 12. O-O Nd7 13. Bg5 Qc7 14. Qe3 Rae8 15. Rad1 Qc6 16. Bd3 Qa4 17. Bh6 f5 18. Bxg7 Kxg7 19. Rfe1 Nf6 20. exf5 exf5 21. Ne5 cxd4 22. cxd4 Nd5 23. Qf3 Re7 24. Qg3 Qb4 25. h4 Nc3 26. Rc1 Qxd4 27. h5 Ne4 28. Bxe4 fxe4 29. h6+ Kg8 30. Ng4 Bc8 31. Red1 Qb4 32. Nf6+ Rxf6 33. Rxc8+ Rf8 34. Rxf8+ Kxf8 35. Rd8+ Kf7 36. Qf4+ Ke6 37. Qg4+ Kf7 38. Qc8 Kf6 39. Qg4 Qe1+ 40. Kh2 Qa5 1/2-1/2

[Event "Wch Rapid"]
[Site "Moscow RUS"]
[Date "2019.12.28"]
[Round "14.55"]
[White "Hansen, Eric"]
[Black "Sethuraman, SP."]
[Result "1/2-1/2"]
[WhiteElo "2606"]
[BlackElo "2638"]
[PlyCount "172"]
[GameId "2130307599888051"]
[EventDate "2019.12.26"]
[EventType "swiss (rapid)"]
[EventRounds "15"]
[EventCountry "RUS"]
[SourceTitle "10 Days #601"]
[Source "ChessMix"]
[SourceDate "2020.01.01"]
[SourceVersion "1"]
[SourceVersionDate "2020.01.01"]
[SourceQuality "1"]

1. e4 c5 2. Nf3 d6 3. Bb5+ Nd7 4. c3 Ngf6 5. Qe2 a6 6. Ba4 b5 7. Bc2 Bb7 8. O-O e6 9. d4 Be7 10. Nbd2 Qc7 11. Bd3 O-O 12. Re1 e5 13. d5 c4 14. Bc2 Rfe8 15. Nf1 Bf8 16. Ng3 g6 17. h3 a5 18. a3 Nc5 19. Bg5 Bg7 20. Qd2 Nb3 21. Bxb3 cxb3 22. Bh6 Bh8 23. Nh2 Qc4 24. Rad1 b4 25. cxb4 axb4 26. Rc1 Qd4 27. Qxb4 Qxb4 28. axb4 Ra2 29. Rb1 Ba6 30. Re3 Ra4 31. Rxb3 Bc4 32. Ra3 Rxb4 33. Bd2 Rb7 34. b4 Nd7 35. Rc1 Bb5 36. Ra5 h5 37. Nf3 Bf6 38. Nf1 Bd3 39. Re1 Nb6 40. Ra3 Bb5 41. Ne3 Rc8 42. Rc1 Rxc1+ 43. Bxc1 Kf8 44. Bd2 Bd8 45. g4 hxg4 46. hxg4 Ke8 47. g5 Be2 48. Kg2 Bxf3+ 49. Kxf3 Bxg5 50. Ke2 Kd7 51. Kd3 f5 52. f3 Bd8 53. Ra1 f4 54. Ng4 Ke8 55. Bc3 Rh7 56. Be1 Rb7 57. Bf2 Nd7 58. Kc4 Rc7+ 59. Kb3 Rb7 60. Rh1 Ba5 61. Rh8+ Ke7 62. Bh4+ g5 63. Rh7+ Kf8 64. Bxg5 Nc5+ 65. Kc2 Rxh7 66. bxc5 Bc7 67. cxd6 Bxd6 68. Kd3 Rh5 69. Bf6 Kf7 70. Ke2 Ke8 71. Kd3 Kd7 72. Bg7 Kc7 73. Bf6 Kb6 74. Ke2 Kc5 75. Kf2 Kd4 76. Kg2 Rh7 77. Bg5 Ra7 78. Nh6 Ra2+ 79. Kh3 Kc5 80. Nf5 Rf2 81. Kg4 Rg2+ 82. Kh5 Rf2 83. Kg4 Rg2+ 84. Kh5 Rf2 85. Kg4 Rg2+ 86. Kh5 Rf2 1/2-1/2

[Event "Wch Rapid"]
[Site "Moscow RUS"]
[Date "2019.12.28"]
[Round "15.53"]
[White "Petrov, Nikita"]
[Black "Hansen, Eric"]
[Result "1/2-1/2"]
[WhiteElo "2543"]
[BlackElo "2604"]
[PlyCount "23"]
[GameId "2130307599896340"]
[EventDate "2019.12.26"]
[EventType "swiss (rapid)"]
[EventRounds "15"]
[EventCountry "RUS"]
[SourceTitle "10 Days #601"]
[Source "ChessMix"]
[SourceDate "2020.01.01"]
[SourceVersion "1"]
[SourceVersionDate "2020.01.01"]
[SourceQuality "1"]

1. c4 e5 2. g3 Nf6 3. Bg2 d5 4. cxd5 Nxd5 5. Nf3 Nc6 6. O-O Nb6 7. b3 Bd6 8. Bb2 O-O 9. d3 Bf5 10. Nbd2 Qd7 11. Rc1 Bh3 12. Bxh3 1/2-1/2

[Event "FIDE Grand Swiss"]
[Site "Isle of Man ENG"]
[Date "2019.10.10"]
[Round "1.26"]
[White "Hansen, Eric"]
[Black "Inarkiev, Ernesto"]
[Result "1/2-1/2"]
[WhiteElo "2611"]
[BlackElo "2693"]
[PlyCount "129"]
[GameId "2129404754375988"]
[EventDate "2019.10.10"]
[EventType "swiss"]
[EventRounds "11"]
[EventCountry "ENG"]
[SourceTitle "10 Days#595"]
[Source "ChessMix"]
[SourceDate "2019.11.01"]
[SourceVersion "1"]
[SourceVersionDate "2019.11.01"]
[SourceQuality "1"]

1. e4 {[%emt 0:00:04]} e5 {[%emt 0:02:45]} 2. Nf3 {[%emt 0:00:38]} Nc6 {[%emt 0:00:05]} 3. Bb5 {[%emt 0:00:15]} a6 {[%emt 0:00:06]} 4. Ba4 {[%emt 0:00:04]} Nf6 {[%emt 0:00:03]} 5. O-O {[%emt 0:00:44]} Be7 {[%emt 0:00:05]} 6. Re1 {[%emt 0:01:28]} b5 {[%emt 0:00:10]} 7. Bb3 {[%emt 0:00:05]} d6 {[%emt 0:00:05]} 8. c3 {[%emt 0:00:21]} O-O {[%emt 0:00:06]} 9. h3 {[%emt 0:00:21]} Re8 {[%emt 0:00:06]} 10. d4 {[%emt 0:02:05]} Bb7 {[%emt 0:00:08]} 11. Nbd2 {[%emt 0:04:54]} Bf8 {[%emt 0:00:14]} 12. a3 {[%emt 0:01:04]} h6 {[%emt 0:00:22]} 13. Bc2 {[%emt 0:03:15]} Nb8 {[%emt 0:00:21]} 14. b4 {[%emt 0:07:49]} Nbd7 {[%emt 0:00:07]} 15. Bb2 {[%emt 0:00:13]} a5 {[%emt 0:00:17]} 16. Bd3 {[%emt 0:10:18]} c6 {[%emt 0:00:18]} 17. Qc2 {[%emt 0:09:35]} axb4 {[%emt 0:10:09]} 18. cxb4 {[%emt 0:05:58]} exd4 {[%emt 0:03:01]} 19. Bxd4 {[%emt 0:04:28]} Rc8 {[%emt 0:07:26]} 20. Rad1 {[%emt 0:07:21]} Nh5 {[%emt 0:08:04]} 21. Qb2 {[%emt 0:28:37]} Nf4 {[%emt 0:12:44]} 22. Bf1 {[%emt 0:00:56]} Qc7 {[%emt 0:01:45]} 23. Rc1 {[%emt 0:03:12]} Qb8 {[%emt 0:03:43]} 24. Be3 {[%emt 0:01:32]} Ne6 {[%emt 0:12:26]} 25. Nb3 {[%emt 0:01:56]} Ba8 {[%emt 0:02:07]} 26. Na5 {[%emt 0:04:10]} Be7 {[%emt 0:10:22]} 27. Red1 {[%emt 0:02:56]} Red8 {[%emt 0:05:26]} 28. Qb1 {[%emt 0:08:19]} Bf6 {[%emt 0:03:05]} 29. Qd3 {[%emt 0:01:22]} Ndf8 {[%emt 0:03:45]} 30. Nb3 {[%emt 0:00:47]} Ng6 {[%emt 0:02:46]} 31. Qb1 {[%emt 0:00:24]} Re8 {[%emt 0:06:17]} 32. Nfd4 {[%emt 0:00:37]} Ng5 {[%emt 0:02:15]} 33. Nd2 {[%emt 0:00:06]} Bb7 {[%emt 0:09:38]} 34. Nf5 {[%emt 0:00:39]} Rcd8 {[%emt 0:00:35]} 35. h4 {[%emt 0:00:38]} Ne6 {[%emt 0:00:08]} 36. Nf3 {[%emt 0:00:10]} Ba8 {[%emt 0:03:33]} 37. h5 {[%emt 0:00:58]} Ngf4 {[%emt 0:00:38]} 38. Ng3 {[%emt 0:00:34]} d5 {[%emt 0:01:43]} 39. exd5 {[%emt 0:00:30]} Rxd5 {[%emt 0:02:02]} 40. Ne4 {[%emt 0:00:30]} Be7 {[%emt 0:00:56]} 41. Rxd5 {[%emt 0:07:06]} cxd5 {[%emt 0:13:56]} 42. Ng3 {[%emt 0:02:20]} Bf6 {[%emt 0:12:48]} 43. Qf5 {[%emt 0:01:42]} Rd8 {[%emt 0:03:58]} 44. Rc5 {[%emt 0:08:40]} d4 {[%emt 0:04:42]} 45. Rxb5 {[%emt 0:00:09]} Qd6 {[%emt 0:00:09]} 46. Bd2 {[%emt 0:15:12]} d3 {[%emt 0:01:26]} 47. Ne4 {[%emt 0:06:15]} Qc6 {[%emt 0:00:43]} 48. Nxf6+ {[%emt 0:05:06]} gxf6 {[%emt 0:00:01]} 49. Bxf4 {[%emt 0:04:52]} Nxf4 {[%emt 0:00:23]} 50. Qg4+ {[%emt 0:01:58]} Kf8 {[%emt 0:11:34]} 51. Qxf4 {[%emt 0:01:34]} Qxb5 52. Qxf6 {[%emt 0:01:23]} Ke8 {[%emt 0:01:36]} 53. Ne5 {[%emt 0:02:26]} Qb7 {[%emt 0:00:01]} 54. Qg7 {[%emt 0:00:49]} Qe7 {[%emt 0:01:09]} 55. Bxd3 {[%emt 0:02:18]} Rd5 {[%emt 0:00:02]} 56. Qg8+ {[%emt 0:00:30]} Qf8 {[%emt 0:00:05]} 57. Qg3 {[%emt 0:00:22]} Qd6 {[%emt 0:01:14]} 58. f4 {[%emt 0:00:01]} Kf8 {[%emt 0:00:02]} 59. Qe3 {[%emt 0:01:08]} Rd4 {[%emt 0:00:35]} 60. Kh2 {[%emt 0:00:27]} Qd5 {[%emt 0:01:00]} 61. Qg3 {[%emt 0:13:01]} Qe6 {[%emt 0:08:58]} 62. Qf2 {[%emt 0:02:29]} Qd5 {[%emt 0:00:13]} 63. Qg3 {[%emt 0:00:13]} Qe6 {[%emt 0:01:19]} 64. Qf2 {[%emt 0:01:03]} Qd5 {[%emt 0:00:05]} 65. Qg3 {[%emt 0:00:16]} 1/2-1/2

[Event "FIDE Grand Swiss"]
[Site "Isle of Man ENG"]
[Date "2019.10.11"]
[Round "2.31"]
[White "Sargissian, Gabriel"]
[Black "Hansen, Eric"]
[Result "1-0"]
[WhiteElo "2690"]
[BlackElo "2611"]
[PlyCount "55"]
[GameId "2129404754376070"]
[EventDate "2019.10.10"]
[EventType "swiss"]
[EventRounds "11"]
[EventCountry "ENG"]
[SourceTitle "10 Days#595"]
[Source "ChessMix"]
[SourceDate "2019.11.01"]
[SourceVersion "1"]
[SourceVersionDate "2019.11.01"]
[SourceQuality "1"]

1. d4 {[%emt 0:00:02]} Nf6 {[%emt 0:05:00]} 2. c4 {[%emt 0:00:09]} g6 {[%emt 0:01:32]} 3. Nf3 {[%emt 0:00:14]} Bg7 {[%emt 0:00:07]} 4. Nc3 {[%emt 0:00:04]} d5 {[%emt 0:00:18]} 5. h4 {[%emt 0:00:05]} dxc4 {[%emt 0:07:38]} 6. e4 {[%emt 0:01:15]} c5 {[%emt 0:02:47]} 7. d5 {[%emt 0:00:24]} O-O {[%emt 0:06:26]} 8. Bxc4 {[%emt 0:03:47]} b5 {[%emt 0:08:39]} 9. Bxb5 {[%emt 0:01:01]} Nxe4 {[%emt 0:00:07]} 10. Nxe4 {[%emt 0:00:18]} Qa5+ {[%emt 0:00:06]} 11. Nc3 {[%emt 0:00:09]} Bxc3+ {[%emt 0:00:12]} 12. bxc3 {[%emt 0:00:04]} Qxb5 {[%emt 0:00:09]} 13. h5 {[%emt 0:00:40]} Qc4 {[%emt 0:10:50]} 14. hxg6 {[%emt 0:11:48]} fxg6 {[%emt 0:02:35]} 15. Rh4 {[%emt 0:00:10]} Bg4 {[%emt 0:32:10]} 16. Nd2 {[%emt 0:16:24]} Qxc3 {[%emt 0:09:18]} 17. Qxg4 {[%emt 0:01:42]} Qxa1 {[%emt 0:00:59]} 18. Qe6+ {[%emt 0:00:35]} Kh8 {[%emt 0:02:45]} 19. Qxe7 {[%emt 0:05:33]} Qxc1+ {[%emt 0:00:15]} 20. Ke2 {[%emt 0:00:08]} Rxf2+ {[%emt 0:00:20]} 21. Kxf2 {[%emt 0:00:05]} Qxd2+ {[%emt 0:00:08]} 22. Kg1 {[%emt 0:04:54]} h5 {[%emt 0:00:10]} 23. Qf8+ {[%emt 0:03:35]} Kh7 {[%emt 0:00:06]} 24. Re4 {[%emt 0:04:29]} Nc6 {[%emt 0:03:16]} 25. Qxa8 {[%emt 0:07:03]} Qxd5 {[%emt 0:15:39]} 26. Qe8 {[%emt 0:00:19]} c4 {[%emt 0:01:06]} 27. Qe6 {[%emt 0:02:38]} Qc5+ {[%emt 0:00:17]} 28. Kh1 {[%emt 0:08:54]} 1-0